| 000 | 00600nam a2200205 4500 | ||
|---|---|---|---|
| 003 | OSt | ||
| 005 | 20240715013857.0 | ||
| 006 | a | ||
| 008 | 240715b |||||||| |||| 00| 0 eng d | ||
| 040 |
_aDWCL-Main lib. _cOC |
||
| 082 | _aFil. 265.6 R598 1975 | ||
| 110 | _aInternational Committee on English in the Liturgy | ||
| 245 | _aRite of penance / | ||
| 260 |
_aPasay City : _bInternational Committee on English in the Liturgy, Inc., _cc1975. |
||
| 300 |
_b131 p. ; _c22 cm. |
||
| 650 | _a1. Penance. | ||
| 650 | _a2. Confession. | ||
| 650 | _a3. Repentance. | ||
| 942 |
_2ddc _n0 _cBK - FIL _kFil. |
||
| 999 |
_c2147 _d2147 |
||